The best halloween ever / (Record no. 4448)

MARC details
000 -LEADER
fixed length control field 01321nam a22002537a 4500
001 - CONTROL NUMBER
control field 4448
003 - CONTROL NUMBER IDENTIFIER
control field FISKH
005 - DATE AND TIME OF LATEST TRANSACTION
control field 20240910103213.0
008 - FIXED-LENGTH DATA ELEMENTS--GENERAL INFORMATION
fixed length control field 240910b cb ||||| |||| 00| 0 eng d
020 ## - INTERNATIONAL STANDARD BOOK NUMBER
International Standard Book Number 9780545133821
040 ## - CATALOGING SOURCE
Original cataloging agency FISKH
Language of cataloging eng
Transcribing agency FISKH
Modifying agency FISKH
050 ## - LIBRARY OF CONGRESS CALL NUMBER
Classification number PZ7.R5628
082 ## - DEWEY DECIMAL CLASSIFICATION NUMBER
Edition number 658
100 ## - MAIN ENTRY--PERSONAL NAME
Personal name Robinson, Barbara
Dates associated with a name (1927–2013)
245 ## - TITLE STATEMENT
Title The best halloween ever /
Statement of responsibility, etc. Barbara Robinson
250 ## - EDITION STATEMENT
Edition statement First printing 2008
260 ## - PUBLICATION, DISTRIBUTION, ETC.
Place of publication, distribution, etc. New York :
Name of publisher, distributor, etc. Scholastic,
Date of publication, distribution, etc. 2008.
300 ## - PHYSICAL DESCRIPTION
Extent 117 pages :
Dimensions 20 cm
520 ## - SUMMARY, ETC.
Summary, etc. The Herdmans plus Halloween have always spelled disaster. Every year these six kids -- the worst in the history of Woodrow Wilson School, and possibly even the world -- wreak havoc on the whole town. They steal candy, spray-paint kids, and take anything that's not nailed down. Now the mayor has had it. He's decided to cancel Halloween. There won't be any Herdmans to contend with this year, but there won't be any candy, either. And what's Halloween without candy? And without trick-or-treating? The Herdmans manage to turn the worst Halloween ever into the best Halloween ever in this uproarious sequel to The Best Christmas Pageant Ever.
650 ## - SUBJECT ADDED ENTRY--TOPICAL TERM
Source of heading or term Fiction
Topical term or geographic name entry element Funny
Form subdivision Family
General subdivision Brothers and sisters
650 ## - SUBJECT ADDED ENTRY--TOPICAL TERM
Source of heading or term Holidays
Topical term or geographic name entry element Humor
Form subdivision School
942 ## - ADDED ENTRY ELEMENTS (KOHA)
Source of classification or shelving scheme Dewey Decimal Classification
Koha item type Books
Suppress in OPAC No
Holdings
Withdrawn status Lost status Source of classification or shelving scheme Damaged status Not for loan Collection Home library Current library Shelving location Date acquired Total Checkouts Full call number Barcode Date last seen Copy number Price effective from Koha item type
    Dewey Decimal Classification     Juvenile Fiction Footprints International School Library Network Toul Tom Poung Campus Footprints International School Library Network Toul Tom Poung Campus TTP Secondary Fiction Bookshelves 09/10/2024   ROB 658 PZ7.R5628 2024-1901 09/10/2024 1 09/10/2024 Books
    Dewey Decimal Classification     Juvenile Fiction Footprints International School Library Network Toul Tom Poung Campus Footprints International School Library Network Toul Tom Poung Campus TTP Secondary Fiction Bookshelves 04/09/2026   ROB 658 PZ7.R5628 2026-0490 04/09/2026 2 04/09/2026 Books